000 00735nam a2200253 i 4500
001 bgj
100 1 _aGLASER, Hermann
245 1 0 _aWege der deutschen Literatur /
_cHermann Glaser ; Jakob Lehman ; Arno Lubos.
260 _aFrankfurt am Main :
_bUllstein,
_c1981.
300 _a492, [1] S. ;
_c18 cm.
490 1 _aUllstein Buch ;
_vNr. 35061
504 _aBibliographie S. 455-484.
505 _aRegister.
650 9 _aDeutsche Literatur
_xGeschichte und Kritik
700 1 _aLEHMAN, Jakob
_d(1919- )
700 1 _aLUBOS, Arno
_d(1928- )
830 _aUllstein Buch ;
020 _a3548350615
040 _cBPK
041 0 _ager
920 _a3-548-35061-5
942 _cKS
008 s gw f |000 0 ger
999 _c50345
_d50345
856 _uhttp://koha.tu.koszalin.pl/cgi-bin/koha/opac-detail.pl?biblionumber=50345
_yKatalog online BPK